| 000 | 00830cam a22002415a 4500 | ||
|---|---|---|---|
| 001 | 16965191 | ||
| 005 | 20201128021403.0 | ||
| 008 | 110916t2012 enka frb 001 0 eng d | ||
| 020 | _a9780123877093 | ||
| 040 |
_aDLC _cDLC _dYDX _dBTCTA _dYDXCP _dUKMGB _dVP@ _dBWX _dCDX _dDLC _dEG-ScBUE _beng |
||
| 082 | 0 | 4 |
_a665.81 _222 _bSOR |
| 100 | 1 |
_aSørensen, Bent, _d1941- _938970 |
|
| 245 | 1 | 0 |
_aHydrogen and fuel cells : _bemerging technologies and applications / _cBent Sorensen. |
| 250 | _a2nd ed. | ||
| 260 |
_aOxford ; _aBurlington : _bAcademic Press / Elsevier, _cc.2012. |
||
| 300 |
_axiv, 492 p. : _bill. ; _c24 cm. |
||
| 500 | _aIndex : p. 483-492. | ||
| 504 | _aBibliography : p. [435]-482. | ||
| 650 | 0 |
_aHydrogen as fuel. _2BUEsh |
|
| 650 | 7 |
_aFuel cells. _2BUEsh _92638 |
|
| 653 |
_bENGGEN _cJune2015 _cJanuary2016 |
||
| 942 | _2ddc | ||
| 999 |
_c20054 _d20026 |
||